00535nam a22001697a 450000500170000001000120001702000220002903500120005103700140006308200070007710000360008424500700012024600480019026000460023827000590028430000220034320200318122102.0 aB-80716 c80.00a8187667834 aB-80716 bBPPD/Ven. aک aکد ا ر نا تھ شر ما  aا فسانے ا پنے پراۓ /cکدار ناتھ شرما  aAfsane Apne Paraye /bby Kidar Nath Sharma  aDelhic2003bEducational publishing House a3108,Vakil Street,Kucha Pandit, Lal kuan,bDelhie-k- a96 صc22 Cm (Hb)